000 00917nas a2200265 4500
001 BR8301630
003 BR-BrBNA
005 20231205085511.0
007 ta
008 230509b bl.|||p| |||| 00| 00por d
040 _aBR-BrBNA
_bpor
_cBiblioteca Nacional de Agricultura
041 _a(Pt)
072 _aH10
100 1 _aCarneiro, M. de F.
100 1 _aAlmeida, A.A. de
245 1 _aInfluencia da dieta no numero e duracao dos instares da Phthorimaea operculella [lepidoptera]
_bParte de tese
246 1 _aInfluence of diets on the number and the duration of instare of Phthorimaea operculella [lepidopteron]
_bPart of thesis
650 _aLEPIDOPTERO
650 _aDIETA
650 _aBATATA
650 _aFUMO
773 0 _tPesquisa Agropecuaria Brasileira (Brazil)
_xISSN 0100-204X
_g(Apr 1983), v. 18(4) p. 329-334
_wBR8301630
909 _a202311
_bLúcia
_c55
_dLúcia Elande
942 _2AGRIS
_n0
_cANA
999 _c111821
_d111821